Nation's First Astronauts - Statistics

General Stats
  • This quiz has been taken 42 times
  • The average score is 5 of 10
Answer Stats
# Launch Date First Astronaut Answer % Correct
1 12 April, 1961 Yuri Gagarin Soviet Union
100%
2 5 May, 1961 Alan Shepard USA
95%
5 26 August, 1978 Sigmund Jahn East Germany
60%
4 27 June, 1978 Miroslaw Hermaszewski Poland
58%
6 10 April, 1979 Georgi Ivanov Bulgaria
40%
8 23 July, 1980 Pham Tuan Vietnam
40%
7 26 May, 1980 Bertalan Farkas Hungary
28%
3 2 March, 1978 Vladimir Remek Czech Republic
23%
9 18 September, 1980 Arnaldo Tamayo Mendez Cuba
20%
10 22 March, 1981 Jugderdemidiin Gurragchaa Mongolia
20%
No matching quizzes found
Score Distribution
Percent of People with Each Score
Percentile by Number Answered
Your Score History
You have not taken this quiz